| 000 | 00513pab a2200181 454500 | ||
|---|---|---|---|
| 008 | 180718b1998 xxu||||| |||| 00| 0 eng d | ||
| 100 | _aSun, Haishun | ||
| 245 | _aA comparative analysis of the characteristics of direct foreign investment in China, 1979-1995 | ||
| 260 | _c1998 | ||
| 300 | _ap.159-186. | ||
| 362 | _aWinter | ||
| 650 | _aForeign investment - China | ||
| 650 | _aForeign investment | ||
| 700 | _aTipton, Frank B. | ||
| 773 | _aJournal of Developing Areas | ||
| 908 | _aN | ||
| 909 | _a39330 | ||
| 999 |
_c39330 _d39330 |
||